Mario Kart 64 Tracks - Statistics

General Stats
  • This quiz has been taken 302 times
  • The average score is 13 of 16
Answer Stats
Cup Track % Correct
Special Rainbow Road
97%
Star Bowser's Castle
90%
Mushroom Luigi Raceway
90%
Flower Mario Raceway
89%
Star Royal Raceway
89%
Star Wario Stadium
85%
Flower Choco Mountain
79%
Flower Toad's Turnpike
79%
Mushroom Moo Moo Farm
76%
Special Yoshi Valley
76%
Mushroom Kalimari Desert
74%
Star Sherbet Land
70%
Special Banshee Boardwalk
67%
Mushroom Koopa Troopa Beach
67%
Flower Frappe Snowland
65%
Special DK's Jungle Parkway
60%
No matching quizzes found
Score Distribution
Percent of People with Each Score
Percentile by Number Answered
Your Score History
You have not taken this quiz